[Event "Daventry 4NCL op-A 30th"]
[Site "Daventry"]
[Date "2023.06.17"]
[Round "3"]
[White "Pitts, Daniel"]
[Black "Riis, Soren"]
[Result "0-1"]
[WhiteElo "1510"]
[BlackElo "2220"]
[PlyCount "94"]
[EventDate "2023.06.16"]
[EventType "swiss"]
[EventRounds "5"]
[EventCountry "ENG"]
[SourceTitle "CBM 214 Extra"]
[Source "ChessBase"]
[SourceDate "2023.07.31"]
[SourceVersion "1"]
[SourceVersionDate "2023.07.31"]
[SourceQuality "1"]

1. e4 c5 2. c3 Nf6 3. e5 Nd5 4. Bc4 Nb6 5. Bb3 c4 6. Bc2 Nc6 7. Nf3 d6 8. exd6 Qxd6 9. 0-0 e5 10. Re1 Be7 11. b3 0-0 12. bxc4 Nxc4 13. Qe2 b5 14. d3 Nb6 15. Nxe5 Bf6 16. Nxc6 Qxc6 17. d4 Bb7 18. Be4 Nd5 19. Qf3 Rfe8 20. Bd2 Qd6 21. Bxd5 Bxd5 22. Rxe8+ Rxe8 23. Qg3 Qe7 24. h3 Qe2 25. Qg4 Qd3 26. Qd1 Re2 27. Qf1 Bc4 28. Bf4 Qe4 29. Na3 Bd3 30. Qc1 h6 31. Be3 a5 32. Nb1 Rc2 33. Qe1 Qg6 34. Bd2 b4 35. Qe3 Rb2 36. cxb4 axb4 37. Nc3 bxc3 38. Bxc3 Rc2 39. Bb4 Rc4 40. Bc5 Rxc5 41. Rd1 Rc3 42. d5 Be4 43. Qg3 Rxg3 44. fxg3 Qxg3 45. Rd2 Bd4+ 46. Kf1 Bd3+ 47. Rxd3 Qf2# 0-1

[Event "Daventry 4NCL op-A 30th"]
[Site "Daventry"]
[Date "2023.06.16"]
[Round "1"]
[White "Murawski, Jan"]
[Black "Pitts, Daniel"]
[Result "1-0"]
[WhiteElo "1964"]
[BlackElo "1510"]
[PlyCount "131"]
[EventDate "2023.06.16"]
[EventType "swiss"]
[EventRounds "5"]
[EventCountry "ENG"]
[SourceTitle "CBM 214 Extra"]
[Source "ChessBase"]
[SourceDate "2023.07.31"]
[SourceVersion "1"]
[SourceVersionDate "2023.07.31"]
[SourceQuality "1"]

1. d4 d5 2. c4 e6 3. Nc3 Nf6 4. Bg5 Be7 5. e3 c6 6. Nf3 h6 7. Bh4 Nbd7 8. cxd5 cxd5 9. Bd3 Nh7 10. Bg3 Ng5 11. 0-0 Nf6 12. Nb5 0-0 13. Nxg5 hxg5 14. Nc7 Rb8 15. Nxd5 Qxd5 16. Bxb8 b6 17. Be5 Bb7 18. f3 Nh7 19. Be4 Qd7 20. Bxb7 Qxb7 21. Rc1 Qa6 22. Rc7 Bf6 23. Bxf6 Nxf6 24. e4 Qxa2 25. Qc2 g4 26. Rc8 gxf3 27. Rxf8+ Kxf8 28. gxf3 g6 29. Qc3 Kg7 30. d5 exd5 31. e5 Ne8 32. e6+ Nf6 33. exf7 Kxf7 34. Qc7+ Ke6 35. Re1+ Ne4 36. fxe4 Qxb2 37. exd5+ Kxd5 38. Rd1+ Ke4 39. Qe7+ Kf3 40. Rf1+ Kg4 41. Qe4+ Kh5 42. Qf3+ Kg5 43. Qf4+ Kh5 44. Rf3 Qb1+ 45. Kg2 Qc2+ 46. Kg3 g5 47. Qf7+ Qg6 48. Qxg6+ Kxg6 49. Ra3 g4 50. Rxa7 Kf5 51. Rb7 Ke4 52. Rxb6 Kd5 53. Kxg4 Kd4 54. Re6 Kd5 55. Kf5 Kd4 56. Re5 Kd3 57. Re4 Kc3 58. Ke5 Kd3 59. Kd5 Kc3 60. Rd4 Kb3 61. Rc4 Kb2 62. Kd4 Kb3 63. Kd3 Kb2 64. Rc3 Ka2 65. Kc2 Ka1 66. Ra3# 1-0